• 首页
  • 本馆介绍
  • 公告通知
  • 最新文献
  • 馆藏检索
  • 电子资源
  • 读者导购
  • 参考咨询
  • 我的图书馆
  • 登录
  • 详细信息显示
  • 放入我的书架
  • 预约/预借图书
  • 作者相关作品
  • 分类相关作品
  • 丛书相关作品
  • 出版社相关作品

书目信息

  • 表格格式
  • 工作单格式
  • 卡片格式
题名:
毛泽东诗词鉴赏
    
 
作者: 王臻中 , 钟振振 主编
分册:  
出版信息: 南京   江苏古籍出版社  1990.10
页数: 238
开本: 19cm
丛书名:
单 册:
中图分类: A841.4
科图分类:
主题词: 毛主席诗词研究
电子资源:
ISBN: 7-80519-185-9
000 00637nam0 2200217 45
001 0191027240
005 20060105112441.23
010    @a7-80519-185-9@dCNY5.30
100    @a19911115d1990 em y0chiy0121 ea
101 0  @achi
102    @aCN@b320000
105    @af rz 000gy
200 10 @a毛泽东诗词鉴赏@AMAO ZE DONG SHI CI JIAN SHANG@f王臻中,钟振振主编@FWANGZHEN ZHONG , ZHONG ZHEN ZHEN ZHU BIAN
210    @a南京@c江苏古籍出版社@d1990.10
215    @a238@c插图@d19cm
606    @a毛主席诗词研究
690    @aA841.4@v3
701  0 @a王臻中@4主编
701  0 @a钟振振@4主编
801  0 @aCN@bNLC@c20060105
905    @dA841.4@e29@f1@b241478
    
    毛泽东诗词鉴赏/王臻中,钟振振主编.-南京:江苏古籍出版社,1990.10
    238:插图;19cm
    
    
    ISBN 7-80519-185-9:CNY5.30
    
●
相关链接 在E读中查询图书 在五车中查询图书 在当当中查询图书 在豆瓣中查询图书


正题名:毛泽东诗词鉴赏     索取号:A841.4/29         预约/预借

序号 登录号 条形码 馆藏地/架位号 状态 备注
1 0241465   001390738   第一借阅区/ [索取号:A841.4/29] 在馆    
2 0241466   001390961   第一借阅区/ [索取号:A841.4/29] 在馆    
3 0241467   001390818   第一借阅区/ [索取号:A841.4/29] 在馆    
4 0241468   202186730   密集书库/ [索取号:A841.4/29] 在馆    
5 0241469   001390765   第一借阅区/ [索取号:A841.4/29] 在馆    
6 0241470   001390747   第一样本阅览室/ [索取号:A841.4/29] 在馆    
7 0241471   001390756   第一借阅区/ [索取号:A841.4/29] 在馆    
8 0241472   202186696   密集书库/ [索取号:A841.4/29] 在馆    
9 0241473   001390729   第一借阅区/ [索取号:A841.4/29] 在馆    
10 0241474   202186810   密集书库/ [索取号:A841.4/29] 在馆    
11 0241475   001390827   第一借阅区/ [索取号:A841.4/29] 在馆    
12 0241476   001981644   第一借阅区/ [索取号:A841.4/29] 在馆    
13 0241478   001390774   第一借阅区/ [索取号:A841.4/29] 在馆    
14 0241479   202186776   密集书库/ [索取号:A841.4/29] 在馆    
唐山师范学院图书馆 欢迎您!
大连网信软件有限公司© 版权所有